An introduction to applied linguistics

-д хадгалсан:
Номзүйн дэлгэрэнгүй
Бусад зохиолчид: Schmitt, Norbert (Засварлагч)
Формат: Ном
Хэл сонгох:англи
Хэвлэсэн: Londres Arnold 2002
Нөхцлүүд:
Шошгууд: Шошго нэмэх
Шошго байхгүй, Энэхүү баримтыг шошголох эхний хүн болох!

MARC

LEADER 00000nam a2200000 a 4500
001 UCL5823
003 CL-VaPUC
008 040319e20020000UK |||||||||||||||||eng|d
020 |a 0340764198 
082 0 4 |a 418  |b SCH  |2 21 
100 |a Schmitt, Norbert  |e editor  |9 483510 
245 1 3 |a An introduction to applied linguistics 
300 |a 344 p 
942 |c BK 
945 |d 20040319 00:00:00  |a cmena 
260 |a Londres  |b Arnold  |c 2002 
650 0 |a Lingüística aplicada   |9 313266 
650 0 |a Adquisición del lenguaje   |9 309032 
650 0 |a Psicolingüística   |9 283371 
650 0 |a Sociolingüística  |9 263716 
583 |a last modification  |c 20040319 00:00:00  |k Rodrigo Vera 
999 |c 308208  |d 308206 
952 |0 0  |1 0  |4 0  |6 418_000000000000000_SCH_2002  |7 0  |8 A  |9 374539  |a FDOPOS  |b FDOPOS  |d 2019-11-21  |i 3988538  |o 418 SCH 2002  |p 3988538  |r 2025-01-22  |w 2019-11-21  |y BK  |k MLA